Quick Pick: Ends in -LE Quiz Stats

Quiz Updated Jun 7, 2016

Challenge
Share
Tweet
Embed
Score 0/12 Timer 01:00
8 Plays Today
% Correct
Pimp
90%
Dang
88.4%
Coup
88%
Sing
86.8%
Kind
86.2%
Bust
82.6%
Cast
82.6%
Bang
78.3%
Sick
74.8%
Rust
74.2%
Pest
66.8%
Arab
37.8%

Today's Daily Dose

Missing Word
Brians

On This Day
January 17th

You're not logged in!

Compare scores with friends on all Sporcle quizzes.
Sign Up with Email
OR
Log In

You Might Also Like...

Show Comments

Extras

Top Quizzes Today


Score Distribution

Your Account Isn't Verified!

In order to create a playlist on Sporcle, you need to verify the email address you used during registration. Go to your Sporcle Settings to finish the process.